| 000 | 00595nam a2200241Ia 4500 | ||
|---|---|---|---|
| 008 | 200601s9999 xx 000 0 und d | ||
| 020 | _a978-0-470-04903-7 | ||
| 050 | _aREF DS 796 | ||
| 050 | _b.S23O99 2007 | ||
| 100 | _aOwyang, Sharon. | ||
| 245 | 0 | _aShanghai / | |
| 245 | 0 | _cSharon Owyang. | |
| 250 | _a4th Edition | ||
| 260 | _aNew Jersey : | ||
| 260 | _bWiley Publishing, | ||
| 260 | _c2007 | ||
| 300 | _a296 pages : | ||
| 300 | _bcolor illustrations ; | ||
| 300 | _c20 cm. | ||
| 440 | _aFrommer's | ||
| 500 | _aIncludes index. | ||
| 650 | _aShangai, China -- Guidebooks. | ||
| 999 |
_c363310 _d363310 |
||